مكتبة جامعة عجلون الوطنية

فهرس بحث المكتبة

Normal view MARC view
  • دراسة وتحقيق العليلي، موسى بناي علوان

Entry Personal Name

Number of records used in: 1

001 - CONTROL NUMBER

  • control field: 40069

003 - CONTROL NUMBER IDENTIFIER

  • control field: JO-AjAnu

005 - DATE AND TIME OF LATEST TRANSACTION

  • control field: 20230606080646.0

008 - FIXED-LENGTH DATA ELEMENTS

  • fixed length control field: 230606|| aca||aabn | a|a d

040 ## - CATALOGING SOURCE

  • Original cataloging agency: JO-AjAnu
  • Transcribing agency: JO-AjAnu

100 ## - HEADING--PERSONAL NAME

  • Personal name: دراسة وتحقيق العليلي، موسى بناي علوان

670 ## - SOURCE DATA FOUND

  • Source citation: Work cat.: (JO-AjAnu)20542: دراسة وتحقيق العليلي، موسى بناي علوان, author, أمثال القرآن للإمام أبي عبدالله محمد بن أبي بكر بن قيم الجوزية692-751 هـ